Far Eastern entomologist. № 492: Two new species of the ant genus Plagiolepis Mayr, 1861 (Hymenoptera: Formicidae: Formicinae) from Indochina (Запись № 13157445)

Подробности
000 -МАРКЕР
контрольное поле 02338nam2a2200361 4500
001 - ИДЕНТИФИКАТОР ЗАПИСИ
контрольное поле RU\NLR\PER_A\003430503_001010
005 - ИДЕНТИФИКАТОР ВЕРСИИ
контрольное поле 20250625171315.0
035 ## - ДРУГИЕ СИСТЕМНЫЕ НОМЕРА
Идентификатор записи (NLR Aleph) 022240016
100 ## - ДАННЫЕ ОБЩЕЙ ОБРАБОТКИ
Данные общей обработки 20240603d2024 |||y0rusy50 ca
101 0# - ЯЗЫК РЕСУРСА
Язык текста, звукозаписи и т.д. английский
Язык резюме русский
102 ## - СТРАНА ПУБЛИКАЦИИ ИЛИ ПРОИЗВОДСТВА
Страна публикации Российская Федерация
200 1# - ЗАГЛАВИЕ И СВЕДЕНИЯ ОБ ОТВЕТСТВЕННОСТИ
Основное заглавие Two new species of the ant genus Plagiolepis Mayr, 1861 (Hymenoptera: Formicidae: Formicinae) from Indochina
Первые сведения об ответственности N. Phosritong, K. Rattanachan, L. Satakoune, W. Jaitrong
210 ## - ПУБЛИКАЦИЯ, РАСПРОСТРАНЕНИЕ И ДР.
Место издания, распространения и т.д. Vladivostok
Имя издателя, распространителя и т. д. [s. n.]
Дата издания, распространения и т.д. 2024
215 ## - ФИЗИЧЕСКАЯ ХАРАКТЕРИСТИКА
Специфическое обозначение материала и объем 24 c.
Другие сведения о физической характеристике ил.
Размеры 21
300 ## - ОБЩИЕ ПРИМЕЧАНИЯ
Текст примечания Рез. на рус. яз.
320 ## - ПРИМЕЧАНИЯ О НАЛИЧИИ В ДОКУМЕНТЕ БИБЛИОГРАФИИ / УКАЗАТЕЛЯ
Текст примечания Библиогр.: с. 13-14, 22-24
423 #0 - ИЗДАЕТСЯ В ОДНОЙ ОБЛОЖКЕ ВМЕСТЕ С ...
Встроенное поле 2001#$aProtease inhibitors of fodder plants as a factor of immune response influencing the physioloogical state of the potato ladybird beetle HenosepilachinaVigintioctomaculata (Coleoptera: Coccinellidae)$fN. V. Matsishina, M.V. Ermak, P.V. Fisenko [et al.]
-- 210##$aVladivostok$d2024
-- 215##$aС. 15-24
Заглавие Protease inhibitors of fodder plants as a factor of immune response influencing the physioloogical state of the potato ladybird beetle HenosepilachinaVigintioctomaculata (Coleoptera: Coccinellidae)
461 #0 - УРОВЕНЬ НАБОРА
Встроенное поле 001RU\NLR\INFOCOMM_49\5000065334
-- 2001#$aFar Eastern entomologist$dДальневосточный энтомолог$eJ. publ. by Far East branch of the Russ. entomological soc. a. Lab. of entomology, Inst. of biology a. pedology$zrus$v№ 492
Системный номер (АБИС) связанной записи 2822829
Место публикации Vladivostok
Дата публикации 1994-
Параллельное заглавие Дальневосточный энтомолог
Сведения, относящиеся к заглавию J. publ. by Far East branch of the Russ. entomological soc. a. Lab. of entomology, Inst. of biology a. pedology
Заглавие Far Eastern entomologist
ISSN 1026-051X
Номер тома № 492
541 1# - ПЕРЕВОД ЗАГЛАВИЯ, СДЕЛАННЫЙ КАТАЛОГИЗАТОРОМ
Заглавие Два новых вида муравьев рода Plagiolepis Mayr, 1861 (Hymenoptera: Formicidae: Formicinae) из Индокитая
606 1# - НАИМЕНОВАНИЕ ТЕМЫ КАК ПРЕДМЕТ
Наименование темы Муравьи
Географический подзаголовок Индокитай, полуостров (Юго-Восточная Азия)
Системный номер авторитетной/нормативной записи 2590617
Идентификатор авторитетной/нормативной записи RU\NLR\AUTH\6601740811
686 1# - ИНДЕКСЫ ДРУГИХ КЛАССИФИКАЦИЙ
Индекс Е691.894.736(54,51)
701 #1 - ИМЯ ЛИЦА - АЛЬТЕРНАТИВНАЯ ОТВЕТСТВЕННОСТЬ
Начальный элемент ввода Phosritong
Часть имени, кроме начального элемента ввода N.
701 #1 - ИМЯ ЛИЦА - АЛЬТЕРНАТИВНАЯ ОТВЕТСТВЕННОСТЬ
Начальный элемент ввода Rattanachan
Часть имени, кроме начального элемента ввода K.
701 #1 - ИМЯ ЛИЦА - АЛЬТЕРНАТИВНАЯ ОТВЕТСТВЕННОСТЬ
Начальный элемент ввода Satakoune
Часть имени, кроме начального элемента ввода L.
701 #1 - ИМЯ ЛИЦА - АЛЬТЕРНАТИВНАЯ ОТВЕТСТВЕННОСТЬ
Начальный элемент ввода Jaitrong
Часть имени, кроме начального элемента ввода W.
Расширение инициалов личного имени Weeyawat
852 ## - МЕСТОНАХОЖДЕНИЕ И ШИФР ХРАНЕНИЯ
Идентификатор организации NLR
Шифр хранения (Call Number) P7/2878
942 ## - ДОПОЛНИТЕЛЬНЫЕ ЭЛЕМЕНТЫ ЗАПИСИ (АБИС)
Тип экземпляра АБИС Выпуск
980 ## - КОЛЛЕКЦИЯ
Название коллекции Национальная библиография
980 ## - КОЛЛЕКЦИЯ
Название коллекции Иностранная периодика

Нет доступных экземпляров.